LEADER 00791nam0 2200265 450 001 000001173 005 20060321105202.0 010 $a88-245-0591-0 100 $a20000331d2001----km-y0itay50------ba 101 0 $aita 102 $aIT 105 $ay-------001yy 200 1 $a<>diritto dei popoli$fJohn Rawls$ga cura di Sebastiano Maffettone 210 $aTorino$cEdizioni di Comunità$d2001 215 $aXXXI, 262 p.$d24 cm 225 2 $aTerritori di Comunità$v0025 410 0$12001$aTerritori di Comunità 676 $a327.101$v20 700 1$aRawls,$bJohn$0128549 702 1$aMaffettone,$bSebastiano 801 0$aIT$bUNIPARTHENOPE$c20060321$gRICA$2UNIMARC 912 $a000001173 951 $aG-0010$b34602$cNAVA3 996 $aDiritto dei popoli$9690119 997 $aUNIPARTHENOPE LEADER 01421nam 2200481 450 001 9910555087203321 005 20210610073738.0 010 $a1-119-61110-5 010 $a1-119-53842-4 010 $a1-119-53856-4 035 $a(CKB)4100000009184406 035 $a(MiAaPQ)EBC5890646 035 $a(EXLCZ)994100000009184406 100 $a20191001d2020 uy 0 101 0 $aeng 135 $aurcnu|||||||| 181 $ctxt$2rdacontent 182 $cc$2rdamedia 183 $acr$2rdacarrier 200 00$aBioelectrochemical interface engineering /$fedited by Dr. R. Navanietha Krishnaraj, Dr. Rajesh K. Sani 210 1$aHoboken, New Jersey ;$aChichester, West Sussex, England :$cWiley,$d[2020] 210 4$d©2020 215 $a1 online resource (559 pages) 311 $a1-119-53854-8 606 $aBioelectrochemistry 606 $aBioengineering 606 $aChemical engineering 608 $aElectronic books. 615 0$aBioelectrochemistry. 615 0$aBioengineering. 615 0$aChemical engineering. 676 $a572.437 700 $aKrishnaraj$b R. Navanietha$01218602 702 $aNavanietha Krishnaraj$b R. 702 $aSani$b Rajesh K. 801 0$bMiAaPQ 801 1$bMiAaPQ 801 2$bMiAaPQ 801 2$bAzTeS 906 $aBOOK 912 $a9910555087203321 996 $aBioelectrochemical interface engineering$92818569 997 $aUNINA